000 00373nam a2200181Ia 4500
003 0STCL
008 150530s9999 xx 000 0 und d
040 _aSTCL
_cSTCL
100 _aYogesh Gupth
245 _aChavinath
250 _a1
260 _c2005
_aNew Delhi
300 _a0
546 _aHindi
942 _2ddc
_cBK
999 _c64331
_d64331
005 20220125171241.0